| 000 | 00636nam a22001817a 4500 | ||
|---|---|---|---|
| 005 | 20110214105254.0 | ||
| 020 |
_a9788128828300 _c125.00 |
||
| 037 | _bJunior Diamond | ||
| 245 |
_aAkbar Birbal / _cedited by Pratibha Kasturia; illustrated by Pankaj |
||
| 260 |
_aNew Delhi _bJunior Diamond _c(201?) |
||
| 270 |
_aX-30, Okhla Industrial Area, Phase-II _bNew Delhi _e110020 |
||
| 300 |
_aUnpaged _bcol. ill. _c24cm(Hb) |
||
| 700 |
_aKasturia, Pratibha _925905 |
||
| 700 |
_aPankaj _925906 |
||
| 942 |
_2ddc _cCH _mAKb |
||
| 999 |
_c50506 _d50506 |
||